| 000 | 00826nam a22002177a 4500 | ||
|---|---|---|---|
| 003 | BD-DhUL | ||
| 005 | 20161030145912.0 | ||
| 008 | 161019s2000 ii a|||| |||| 000 0 ben d | ||
| 020 | _a8172153554 | ||
| 040 |
_aBD-DhUL _cBD-DhUL |
||
| 082 | 1 |
_a891.4430872 _bBAB |
|
| 100 | 1 | _aবন্দ্যোপাধ্যায়, শরদিন্দু | |
| 245 | 1 | 0 |
_aব্যোমকেশ সমগ্র / _cশরদিন্দু বন্দ্যোপাধ্যায় |
| 250 | _a১ম সং. | ||
| 260 |
_aকলিকাতা : _bআনন্দ পাবলিশার্স, _c২০০০. |
||
| 300 |
_a১৯৩ পৃ. : _bচিত্রিত ; _c২১ সেমি. |
||
| 365 |
_aIRS _b350.00 |
||
| 650 | 0 | _aরহস্য উপন্যাস | |
| 650 | 0 | _aMystery novel | |
| 942 |
_2ddc _cBK |
||
| 999 |
_c117107 _d117107 |
||